Drummer Hoff / adapted by Barbara Emberley ; ... Read More
Available copies
- 1 of 1 copy available at LARL/NWRL Consortium.
Current holds
0 current holds with 1 total copy.
View other formats and editions
Show Only Available Copies
| Location | Call Number / Copy Notes | Barcode | Shelving Location | Status | Due Date |
|---|---|---|---|---|---|
| Red Lake Falls Public Library | Guided Reading J-2 (Text) | 35500001914819 | Main | Available | - |
Record details
- ISBN: 0671662481 :
- Physical Description: [32] p. : col. ill. ; 24 cm.
- Publisher: New York : Simon and Schuster Books for Young Readers, 1987, c1967.
Content descriptions
| General Note: | "The Caldecott medal."--Cover. |
| Summary, etc.: | A cumulative folk song in which seven soldiers ... Read More |
Search for related items by subject
| Subject: | Folk songs > Texts. |
| LDR | 01259cam a2200265 a 4500 | ||
|---|---|---|---|
| 001 | 14071 | ||
| 003 | LARL_NWRL_CONSORTIUM | ||
| 005 | 19940719164347.0 | ||
| 008 | 880805c19871967nyua j 000 0 eng | ||
| 010 | . | ‡a87035755 /AC/r91 | |
| 020 | . | ‡a0671662481 : ‡c$12.95 | |
| 035 | . | ‡a(OCoLC)17300593 | |
| 040 | . | ‡aDLC ‡cDLC ‡dKRL | |
| 082 | 0 | 0. | ‡a784.4/05 ‡219 |
| 092 | . | ‡aEASY | |
| 100 | 1 | . | ‡aEmberley, Barbara. ‡0(LARL_NWRL_CONSORTIUM)46959 |
| 245 | 1 | 0. | ‡aDrummer Hoff / ‡cadapted by Barbara Emberley ; illustrated by Ed Emberley. |
| 260 | . | ‡aNew York : ‡bSimon and Schuster Books for Young Readers, ‡c1987, c1967. | |
| 300 | . | ‡a[32] p. : ‡bcol. ill. ; ‡c24 cm. | |
| 500 | . | ‡a"The Caldecott medal."--Cover. | |
| 520 | . | ‡aA cumulative folk song in which seven soldiers build a magnificent cannon, but Drummer Hoff fires it off. | |
| 650 | 0. | ‡aFolk songs ‡vTexts. | |
| 901 | . | ‡a14071 ‡bOCLC ‡c14071 ‡tbiblio | |

Add to basket
Permalink
Disable Highlighting